| 000 | 00530nam a22001937a 4500 | ||
|---|---|---|---|
| 003 | OSt | ||
| 005 | 20151216154820.0 | ||
| 008 | 151216b xxu||||| |||| 00| 0 eng d | ||
| 020 | _a0333314891 | ||
| 040 | _cDDC. | ||
| 082 | _a371 MUS1982 | ||
| 100 |
_aMusaazi JCS. _96434 |
||
| 245 | _aThe Theory and Practice of Educational Administration. | ||
| 260 |
_aLondon; _bMacmillan. _c1982. |
||
| 300 |
_a276p; _bIll; _c22cm. |
||
| 504 | _aincludes Notes and Index. | ||
| 650 |
_aEducational administration. _96435 |
||
| 942 |
_2ddc _cSLOAN |
||
| 999 |
_c2902 _d2902 |
||